000 01837nam a2200457Ia 4500
001 ebr10224713
003 CaPaEBR
006 m u
007 cr cn|||||||||
008 991018s2000 enk sb 001 0 eng d
010 _z 99054614
020 _z9780485121483
020 _z9781847143822
020 _z0485115395 (alk.)
020 _z0485121484 (alk. paper)
040 _aCaPaEBR
_cCaPaEBR
035 _a(OCoLC)290594188
050 1 4 _aPR3499.G7
_bS95 2000eb
082 0 4 _a811
_221
100 1 _aGilmore, John,
_d1956-
245 1 4 _aThe poetics of empire
_h[electronic resource] :
_ba study of James Grainger's The sugar-cane /
_cJohn Gilmore.
260 _aLondon ;
_aNew Brunswick, NJ :
_bAthlone Press ;
_aSomerset, N.J. :
_bDistributed in the U.S. by Transaction Publishers,
_c2000.
300 _ax, 342 p.
504 _aIncludes bibliographical references (p. 313-332) and index.
533 _aElectronic reproduction.
_bPalo Alto, Calif. :
_cebrary,
_d2009.
_nAvailable via World Wide Web.
_nAccess may be limited to ebrary affiliated libraries.
600 1 0 _aGrainger, James,
_d1721?-1766.
_tSugar cane.
650 0 _aDidactic poetry, English
_xHistory and criticism.
650 0 _aPlantation life in literature.
650 0 _aSugarcane industry
_vPoetry.
650 0 _aImperialism in literature.
650 0 _aAgriculture in literature.
650 0 _aPlantation life
_vPoetry.
650 0 _aImperialism
_vPoetry.
650 0 _aSugarcane
_vPoetry.
651 0 _aCaribbean Area
_xIn literature.
651 0 _aCaribbean Area
_vPoetry.
655 7 _aElectronic books.
_2local
700 1 _aGrainger, James,
_d1721?-1766.
_tSugar cane.
710 2 _aebrary, Inc.
856 4 0 _uhttp://site.ebrary.com/lib/rucke/Doc?id=10224713
_zAn electronic book accessible through the World Wide Web; click to view
999 _c40519
_d40519